[Event "4NCL/Div1/RICA vs. AD1"]
[Site "West Bromwich ENG"]
[Date "2005.04.10"]
[Round "8.7"]
[White "Mitchem, Nicholas D"]
[Black "Anderton, David"]
[Result "1/2-1/2"]
[WhiteElo "2060"]
[BlackElo "2248"]
[PlyCount "52"]
[EventDate "2005.04.10"]
[SourceDate "2004.09.21"]

1. e4 e6 2. d4 d5 3. exd5 exd5 4. Bd3 Nc6 5. c3 Bd6 6. h3 Nge7 7. Nf3 h6 8. Qc2
Be6 9. Nbd2 Qd7 10. Nb3 b6 11. Bd2 O-O 12. Nc1 Rfe8 13. Ne2 a6 14. Bf4 b5 15.
a3 Rab8 16. b4 Bf5 17. Bxd6 cxd6 18. O-O Rbc8 19. Nf4 Be4 20. Qd2 Ng6 21. Nxg6
fxg6 22. Nh2 Qf5 23. Bxe4 Rxe4 24. Rfe1 Rce8 25. Nf1 Qf7 26. Ng3 R4e6 1/2-1/2

[Event "4NCL/Div1/RICA vs. AD1"]
[Site "West Bromwich ENG"]
[Date "2005.04.10"]
[Round "8.8"]
[White "Bellin, Jana"]
[Black "Wilson, Alexandra"]
[Result "1/2-1/2"]
[WhiteElo "2184"]
[BlackElo "2058"]
[PlyCount "76"]
[EventDate "2005.04.10"]
[SourceDate "2004.09.21"]

1. d4 Nf6 2. c4 g6 3. Nc3 d5 4. cxd5 Nxd5 5. e4 Nxc3 6. bxc3 Bg7 7. Nf3 c5 8.
Be3 O-O 9. Be2 Nc6 10. O-O a6 11. Rc1 Na5 12. d5 Qc7 13. c4 b6 14. h3 Nb7 15.
Qd2 Rd8 16. Bf4 e5 17. Bg5 f6 18. Be3 Nd6 19. Bd3 f5 20. Qc2 fxe4 21. Bxe4 Nxe4
22. Qxe4 Bf5 23. Qh4 Bd3 24. Rfe1 e4 25. Bf4 Qd7 26. Ne5 Bxe5 27. Bxe5 Rf8 28.
Re3 b5 29. cxb5 Qxd5 30. Qe7 Rf7 31. Qxc5 Qxc5 32. Rxc5 axb5 33. f3 Rxa2 {(=)}
34. Rc8+ Rf8 35. Rc7 Rf7 36. fxe4 Rxc7 37. Bxc7 Bc4 38. Bd6 Re2 1/2-1/2

[Event "4NCL/Div1/GUI2 vs. BAR1"]
[Site "West Bromwich ENG"]
[Date "2005.04.10"]
[Round "8.1"]
[White "Howell, David W L"]
[Black "Parker, Jonathan"]
[Result "1-0"]
[WhiteElo "2416"]
[BlackElo "2537"]
[PlyCount "107"]
[EventDate "2005.04.10"]
[SourceDate "2004.09.21"]

1. e4 e5 2. Nf3 Nc6 3. Bb5 Nf6 4. O-O Nxe4 5. d4 Nd6 6. Bxc6 dxc6 7. dxe5 Nf5
8. Qxd8+ Kxd8 9. Nc3 a5 10. h3 Ke8 11. Bd2 Ne7 12. Rfe1 Nd5 13. a3 Nxc3 14.
Bxc3 Be6 15. Nd4 c5 16. Nxe6 fxe6 17. a4 Be7 18. Rad1 b6 19. Rd3 Rf8 20. g3 Rd8
21. Red1 h5 22. Kg2 g6 23. Rxd8+ Bxd8 24. Rd3 Rf7 25. Bd2 Rd7 26. Rxd7 Kxd7 27.
c4 Ke8 28. f4 Kf7 29. Kf3 c6 30. g4 Bh4 31. Ke4 Ke7 32. gxh5 gxh5 33. f5 Kf7
34. b3 Ke7 35. Bh6 Kf7 36. Kf4 Be1 37. Ke4 Bh4 38. Be3 Ke7 39. Bg1 Bg3 40. Be3
Bh4 41. Bc1 Kf7 42. Bh6 Ke7 43. Kf4 Kd7 44. Bf8 Be1 45. Kg5 Bg3 46. Kf6 exf5
47. Kxf5 h4 48. Kf6 Ke8 49. Bd6 Kd7 50. Kf7 Kd8 51. Bb8 Kc8 52. e6 Kxb8 53. e7
Kc7 54. e8=Q 1-0

[Event "4NCL/Div1/GUI2 vs. BAR1"]
[Site "West Bromwich ENG"]
[Date "2005.04.10"]
[Round "8.2"]
[White "Collins, Sam"]
[Black "Shaw, John K"]
[Result "1-0"]
[WhiteElo "2400"]
[BlackElo "2454"]
[PlyCount "121"]
[EventDate "2005.04.10"]
[SourceDate "2004.09.21"]

1. e4 c5 2. Nf3 d6 3. d4 cxd4 4. Nxd4 Nf6 5. Nc3 Nc6 6. Bg5 Bd7 7. Qd2 a6 8.
O-O-O e6 9. f4 b5 10. Bxf6 gxf6 11. Kb1 Nxd4 12. Qxd4 Be7 13. f5 Qc7 14. g3 Qc5
15. Qd2 b4 16. Ne2 e5 17. Nc1 a5 18. Nb3 Qc6 19. Qd5 a4 20. Qxc6 Bxc6 21. Nd2
d5 22. exd5 Bxd5 23. Bb5+ Kf8 24. Rhe1 Kg7 25. Bd3 a3 26. Be4 Rhd8 27. Bxd5
Rxd5 28. Ne4 Rad8 29. Rxd5 Rxd5 30. Kc1 Rd4 31. bxa3 bxa3 32. c3 Ra4 33. Kc2
Kf8 34. Kd3 Ra7 35. Rb1 Rd7+ 36. Ke3 Kg7 37. Ke2 Rc7 {(=)} 38. Kd3 Rd7+ 39. Ke3
Rc7 40. Ke2 Rd7 41. Ke3 Rc7 42. h3 h5 43. Kd3 Rd7+ 44. Ke2 Rc7 45. Ke3 Rd7 46.
c4 Rd4 47. Rc1 Kf8 48. c5 Ke8 49. Rc3 Ra4 50. c6 Kd8 51. Rd3+ Ke8 52. Rb3 Kd8
53. Rd3+ Ke8 54. c7 Ra8 55. Nc3 Rc8 56. Nd5 Bc5+ 57. Ke4 Bd4 58. Nxf6+ Ke7 59.
Nd5+ Kd6 60. Rxa3 Kd7 61. Rd3 1-0

[Event "4NCL/Div1/GUI2 vs. BAR1"]
[Site "West Bromwich ENG"]
[Date "2005.04.10"]
[Round "8.3"]
[White "Buckley, Graeme"]
[Black "Ferguson, Mark"]
[Result "1-0"]
[WhiteElo "2417"]
[BlackElo "2387"]
[PlyCount "79"]
[EventDate "2005.04.10"]
[SourceDate "2004.09.21"]

1. d4 d5 2. c4 c6 3. Nf3 Nf6 4. Nc3 a6 5. e3 b5 6. b3 Bg4 7. Be2 e6 8. O-O Nbd7
9. Bb2 Bd6 10. h3 Bh5 11. a4 b4 12. Na2 Qb8 13. Nc1 O-O 14. Nd3 a5 15. Rc1 Rc8
16. Re1 Ne4 17. g4 Bg6 18. Nh4 Bh2+ 19. Kh1 Ng3+ 20. fxg3 Qxg3 21. Nf4 Be4+ 22.
Bf3 g5 23. Bxe4 dxe4 24. Nhg2 gxf4 25. Nxf4 e5 26. Qe2 exf4 27. exf4 Qxh3 28.
Qxh2 Qxb3 29. Rf1 Re8 30. g5 e3 31. Qe2 Nb6 32. f5 Re4 33. d5 cxd5 34. c5 Nc4
35. Bf6 Rh4+ 36. Kg1 Re4 37. g6 Ne5 38. gxh7+ Kxh7 39. Qh5+ Kg8 40. Qh8# 1-0

[Event "4NCL/Div1/GUI2 vs. BAR1"]
[Site "West Bromwich ENG"]
[Date "2005.04.10"]
[Round "8.4"]
[White "Devereaux, Maxim"]
[Black "Povah, Nigel E"]
[Result "1-0"]
[WhiteElo "2331"]
[BlackElo "2377"]
[PlyCount "63"]
[EventDate "2005.04.10"]
[SourceDate "2004.09.21"]

1. d4 Nf6 2. Nf3 e6 3. c4 c5 4. d5 exd5 5. cxd5 d6 6. Nc3 g6 7. e4 a6 8. Qe2
Bg4 9. e5 Bxf3 10. gxf3 dxe5 11. Qxe5+ Qe7 12. Bf4 Nh5 13. Ne4 f6 14. Qc7 Nxf4
15. Qxf4 Nd7 16. O-O-O O-O-O 17. d6 Qe6 18. Kb1 f5 19. Ng5 Qf6 20. Bc4 Bg7 21.
Rd2 Rde8 22. Rc1 h6 23. Bd5 Qxg5 24. Qb4 b6 25. Qa4 Nb8 26. d7+ Nxd7 27. f4 Qf6
28. Qxa6+ Kd8 29. Qa8+ Ke7 30. Re1+ Ne5 31. Rxe5+ Qxe5 32. Qb7+ 1-0

[Event "4NCL/Div1/GUI2 vs. BAR1"]
[Site "West Bromwich ENG"]
[Date "2005.04.10"]
[Round "8.5"]
[White "Granat, Russell G"]
[Black "Palliser, Richard"]
[Result "1-0"]
[WhiteElo "2262"]
[BlackElo "2402"]
[PlyCount "61"]
[EventDate "2005.04.10"]
[SourceDate "2004.09.21"]

1. e4 c5 2. Nf3 d6 3. c3 Nf6 4. d3 Nc6 5. Be2 Bg4 6. Nbd2 e6 7. h3 Bh5 8. Nc4
d5 9. Nce5 Bxf3 10. Nxf3 dxe4 11. dxe4 Qxd1+ 12. Bxd1 Nxe4 13. Ba4 Bd6 14. Nd2
Nxd2 15. Bxc6+ bxc6 16. Bxd2 Ke7 17. O-O-O h6 18. h4 Rhd8 19. Be3 f5 20. f3 c4
21. h5 e5 22. Rh4 f4 23. Bf2 Bc7 24. Re1 Rd5 25. Rxf4 Bb6 26. Bh4+ Kd6 27. Rxc4
Rf8 28. Rg4 Rf5 29. Rg6+ Kc5 30. Re4 Rd7 31. a4 1-0

[Event "4NCL/Div1/GUI2 vs. BAR1"]
[Site "West Bromwich ENG"]
[Date "2005.04.10"]
[Round "8.6"]
[White "Collinson, Adam"]
[Black "Richardson, Keith B"]
[Result "1-0"]
[WhiteElo "2385"]
[BlackElo "2222"]
[PlyCount "83"]
[EventDate "2005.04.10"]
[SourceDate "2004.09.21"]

1. e4 g6 2. d4 Bg7 3. Nf3 d6 4. c3 Nf6 5. Bd3 O-O 6. O-O Nc6 7. Na3 e5 8. Nc2
Re8 9. Re1 Bg4 10. h3 Bxf3 11. Qxf3 d5 12. exd5 Qxd5 13. Qxd5 Nxd5 14. Be4 Rad8
15. Bg5 f6 16. Bh4 Nde7 17. dxe5 Nxe5 18. Nd4 c6 19. f4 Nc4 20. Ne6 Rd2 21. Bf3
Nf5 22. Nxg7 Nxg7 23. b3 Nd6 24. Bxf6 Rxe1+ 25. Rxe1 Rxa2 26. Rd1 Nde8 27. Be5
Rb2 28. b4 a5 29. bxa5 Rb5 30. Rd8 Kf7 31. a6 bxa6 32. Bxc6 Rb1+ 33. Kh2 Nf6
34. Ra8 Nge8 35. Ra7+ Ke6 36. Rxa6 Ke7 37. Ra7+ Ke6 38. c4 h5 39. Ra6 Ke7 40.
Bxe8 Nxe8 41. Rxg6 Rc1 42. Rh6 1-0

[Event "4NCL/Div1/GUI2 vs. BAR1"]
[Site "West Bromwich ENG"]
[Date "2005.04.10"]
[Round "8.7"]
[White "Thompson, Ian D"]
[Black "Knott, Simon"]
[Result "1/2-1/2"]
[WhiteElo "2275"]
[BlackElo "2386"]
[PlyCount "119"]
[EventDate "2005.04.10"]
[SourceDate "2004.09.21"]

1. c4 Nf6 2. Nc3 d5 3. cxd5 Nxd5 4. g3 g6 5. Bg2 Nxc3 6. bxc3 Bg7 7. Rb1 Nc6 8.
Nf3 O-O 9. O-O b6 10. d3 Bb7 11. Bf4 Na5 12. Qd2 c5 13. h4 c4 14. h5 cxd3 15.
hxg6 hxg6 16. exd3 Rc8 17. c4 e5 18. Bh6 Bxh6 19. Qxh6 Bxf3 20. Bxf3 Qxd3 21.
Kg2 e4 22. Bg4 Qd4 23. Rfd1 Qf6 24. Bxc8 Qf3+ 25. Kg1 Rxc8 26. Rd7 Nxc4 27.
Rbd1 Qf6 28. Qf4 Qxf4 29. gxf4 e3 30. fxe3 Nxe3 31. R1d3 Rc1+ 32. Kf2 Nf5 33.
Rxa7 Rc4 34. Kf3 Nd4+ 35. Kg3 Nf5+ 36. Kf3 Nd4+ 37. Kg3 Ne2+ {(=)} 38. Kf2 Nxf4
39. Rd8+ Kg7 40. Rdd7 Nh3+ 41. Ke3 Ng5 42. Rd6 Re4+ 43. Kd2 Rb4 44. Kc3 Rb5 45.
Kc4 Rb1 46. a4 Ne4 47. Re6 Nc5 48. Ree7 Nxa4 49. Rxf7+ Kh6 50. Rh7+ Kg5 51.
Rab7 Nc5 52. Rb8 Ne4 53. Rc7 Nd6+ 54. Kd5 Nf5 55. Rcb7 Rd1+ 56. Kc6 Rd6+ 57.
Kc7 Kf4 58. Rxb6 Rxb6 59. Rxb6 g5 60. Rg6 1/2-1/2

[Event "4NCL/Div1/GUI2 vs. BAR1"]
[Site "West Bromwich ENG"]
[Date "2005.04.10"]
[Round "8.8"]
[White "Bhatia, Kanwal K"]
[Black "Yurenok, Maria S"]
[Result "1/2-1/2"]
[WhiteElo "2071"]
[BlackElo "2078"]
[PlyCount "62"]
[EventDate "2005.04.10"]
[SourceDate "2004.09.21"]

1. e4 c5 2. c3 d5 3. exd5 Qxd5 4. d4 Nf6 5. Nf3 Bg4 6. Be2 e6 7. Be3 cxd4 8.
cxd4 Nc6 9. O-O Bb4 10. h3 Bh5 11. Nc3 Qa5 12. Qb3 O-O 13. a3 Bxc3 14. bxc3 Qc7
15. Rac1 Na5 16. Qa2 Nd5 17. c4 Nf4 18. Bd1 Rac8 19. Qd2 Nxc4 20. Rxc4 Qxc4 21.
Bxf4 Qc3 22. Qxc3 Rxc3 23. Bd6 Rd8 24. Bb4 Rc7 25. g4 Bg6 26. Re1 Bc2 27. Bxc2
Rxc2 28. Re3 b6 29. Rb3 f6 30. Kg2 Kf7 31. Rd3 Rd7 1/2-1/2

[Event "4NCL/Div1/GUI1 vs. WES1"]
[Site "West Bromwich ENG"]
[Date "2005.04.10"]
[Round "8.1"]
[White "Rowson, Jonathan"]
[Black "Upton, Ian J"]
[Result "1-0"]
[WhiteElo "2572"]
[BlackElo "2242"]
[PlyCount "69"]
[EventDate "2005.04.10"]
[SourceDate "2004.09.21"]

1. d4 e6 2. Nf3 f5 3. d5 Bb4+ 4. c3 Bd6 5. Bg5 Nf6 6. dxe6 dxe6 7. Nbd2 Nc6 8.
e4 h6 9. Bxf6 Qxf6 10. Bb5 O-O 11. Bxc6 bxc6 12. O-O e5 13. exf5 Bxf5 14. Qe2
Kh8 15. Ne4 Qe6 16. Nfd2 Rfe8 17. Rfe1 Bf8 18. Qa6 Qg6 19. Re3 c5 20. Qxg6 Bxg6
21. Nc4 Rad8 22. Rae1 Rd5 23. Ned2 Bd6 24. f4 e4 25. g3 Rd3 26. Rxd3 exd3 27.
Rxe8+ Bxe8 28. Kf2 g5 29. fxg5 hxg5 30. Nxd6 cxd6 31. Ne4 Bg6 32. Nxd6 Kg7 33.
Ke3 Kf6 34. Nb7 c4 35. Nd6 1-0

[Event "4NCL/Div1/GUI1 vs. WES1"]
[Site "West Bromwich ENG"]
[Date "2005.04.10"]
[Round "8.2"]
[White "Evans-Quek, Suan-Shiau"]
[Black "Hebden, Mark L"]
[Result "0-1"]
[WhiteElo "2295"]
[BlackElo "2514"]
[PlyCount "80"]
[EventDate "2005.04.10"]
[SourceDate "2004.09.21"]

1. g3 d5 2. Bg2 e5 3. d3 Nf6 4. Nf3 Nc6 5. c4 d4 6. O-O a5 7. h3 Be7 8. e3 O-O
9. Na3 Nd7 10. Nc2 Nc5 11. exd4 exd4 12. Re1 Bf6 13. b3 Bf5 14. Bf1 h6 15. Ba3
b6 16. Qd2 Qd7 17. Kh2 Bg6 18. Ng1 Ne7 19. Bxc5 bxc5 20. Bg2 Ra6 21. Re2 Nc6
22. f4 a4 23. bxa4 Rxa4 24. Nf3 Qd6 25. Qd1 Raa8 26. a3 Rab8 27. Nce1 Rfe8 28.
Rxe8+ Rxe8 29. Nd2 h5 30. h4 Re3 31. Ne4 Bxe4 32. Bxe4 Bxh4 33. gxh4 Qxf4+ 34.
Kg1 Ne5 35. Rb1 g6 36. Bg2 Qg3 37. Qd2 Rxe1+ 38. Qxe1 Nf3+ 39. Kf1 Nxe1 40.
Rxe1 Qxd3+ 0-1

[Event "4NCL/Div1/GUI1 vs. WES1"]
[Site "West Bromwich ENG"]
[Date "2005.04.10"]
[Round "8.3"]
[White "Kosten, Anthony C"]
[Black "Webb, Richard M"]
[Result "1-0"]
[WhiteElo "2537"]
[BlackElo "2313"]
[PlyCount "63"]
[EventDate "2005.04.10"]
[SourceDate "2004.09.21"]

1. c4 c5 2. Nf3 Nf6 3. Nc3 d5 4. cxd5 Nxd5 5. g3 Nc6 6. Bg2 Nc7 7. O-O e5 8. d3
Be7 9. Nd2 Bd7 10. Nc4 f6 11. f4 b5 12. Ne3 exf4 13. Nf5 O-O 14. Bxf4 Bxf5 15.
Bxc6 Bh3 16. Bxc7 Qxc7 17. Nd5 Qe5 18. Nxe7+ Qxe7 19. Bxa8 Rxa8 20. Rf2 Kh8 21.
Qd2 Re8 22. Rc1 Qd6 23. Qf4 Qd5 24. b3 h6 25. Qf3 Qd4 26. Qh5 Qd7 27. Qxc5 Re5
28. Qc7 Qd4 29. Qc3 Qb6 30. e4 b4 31. Qd2 Qd4 32. Rc4 1-0

[Event "4NCL/Div1/GUI1 vs. WES1"]
[Site "West Bromwich ENG"]
[Date "2005.04.10"]
[Round "8.4"]
[White "Allicock, Rawle A"]
[Black "King, Daniel J"]
[Result "0-1"]
[WhiteElo "2292"]
[BlackElo "2517"]
[PlyCount "40"]
[EventDate "2005.04.10"]
[SourceDate "2004.09.21"]

1. d4 e6 2. c4 b6 3. e4 Bb7 4. f3 f5 5. e5 Bb4+ 6. Bd2 Qh4+ 7. g3 Qe7 8. Bg2
Nc6 9. Ne2 O-O-O 10. f4 d6 11. d5 Bxd2+ 12. Qxd2 Na5 13. Qc2 dxe5 14. fxe5 Nh6
15. Nbc3 Ng4 16. Nf4 Ne3 17. Qe2 Naxc4 18. d6 cxd6 19. Rc1 dxe5 20. Nd1 Rxd1+
0-1

[Event "4NCL/Div1/GUI1 vs. WES1"]
[Site "West Bromwich ENG"]
[Date "2005.04.10"]
[Round "8.5"]
[White "Cherniaev, Alexander"]
[Black "Simons, Martin J"]
[Result "1-0"]
[WhiteElo "2469"]
[BlackElo "2293"]
[PlyCount "81"]
[EventDate "2005.04.10"]
[SourceDate "2004.09.21"]

1. e4 Nc6 2. Nf3 d5 3. exd5 Qxd5 4. Nc3 Qa5 5. Bb5 Bd7 6. O-O a6 7. Be2 e5 8.
d3 Bb4 9. Bd2 Nf6 10. a3 Bxc3 11. Bxc3 Qd5 12. Re1 O-O-O 13. Ng5 Nd4 14. Bf3
Nxf3+ 15. Qxf3 e4 16. Nxe4 Nxe4 17. dxe4 Qg5 18. Qxf7 Bh3 19. Qf3 Be6 20. Qe3
Qxe3 21. Rxe3 Rhg8 22. Rd3 Rxd3 23. cxd3 Bb3 24. f3 g6 25. Kf2 Kd7 26. Ke3 Ke6
27. d4 c6 28. h4 Rf8 29. g4 Rg8 30. Rg1 Kd6 31. f4 Bc2 32. Rc1 Bb3 33. Be1 Be6
34. f5 gxf5 35. gxf5 Bf7 36. e5+ Kc7 37. e6 Bh5 38. d5 Kd6 39. dxc6 bxc6 40.
Bb4+ Kc7 41. Kf4 1-0

[Event "4NCL/Div1/GUI1 vs. WES1"]
[Site "West Bromwich ENG"]
[Date "2005.04.10"]
[Round "8.6"]
[White "Corkett, Anthony R"]
[Black "Plaskett, James"]
[Result "1/2-1/2"]
[WhiteElo "2321"]
[BlackElo "2490"]
[PlyCount "35"]
[EventDate "2005.04.10"]
[SourceDate "2004.09.21"]

1. d4 e6 2. g3 c5 3. Nf3 Nf6 4. Bg2 cxd4 5. Nxd4 d5 6. O-O Be7 7. c4 O-O 8.
cxd5 Nxd5 9. Nc3 Nxc3 10. bxc3 e5 11. Nb5 Nc6 12. Qxd8 Rxd8 13. Be3 Bg4 14.
Rfe1 a6 15. Nc7 Rac8 16. Nd5 Ba3 17. Nb6 Rb8 18. Nc4 1/2-1/2

[Event "4NCL/Div1/GUI1 vs. WES1"]
[Site "West Bromwich ENG"]
[Date "2005.04.10"]
[Round "8.7"]
[White "Flear, Glenn C"]
[Black "Yeo, Michael J"]
[Result "1-0"]
[WhiteElo "2475"]
[BlackElo "2222"]
[PlyCount "63"]
[EventDate "2005.04.10"]
[SourceDate "2004.09.21"]

1. d4 d5 2. c4 Nc6 3. e3 e5 4. dxe5 d4 5. exd4 Qxd4 6. Qxd4 Nxd4 7. Bd3 Bg4 8.
h3 Bh5 9. Be3 O-O-O 10. Nd2 Ne7 11. Be4 Nec6 12. f4 f5 13. exf6 Bb4 14. fxg7
Rhe8 15. g8=Q Rxg8 16. g4 Bxd2+ 17. Bxd2 Rge8 18. O-O-O Rxe4 19. gxh5 Nf5 20.
b3 Ncd4 21. Rh2 Ng3 22. Rf2 Rf8 23. h6 Rf5 {(=)} 24. Rg2 Nde2+ 25. Nxe2 Nxe2+
26. Kb2 Rf8 27. Rg7 Rd8 28. Rxh7 Nxf4 29. Bxf4 Rxd1 30. Rxc7+ Kd8 31. h7 Re8
32. Rxb7 1-0

[Event "4NCL/Div1/GUI1 vs. WES1"]
[Site "West Bromwich ENG"]
[Date "2005.04.10"]
[Round "8.8"]
[White "Evans-Quek, Debbie"]
[Black "Lalic, Susan"]
[Result "0-1"]
[WhiteElo "1995"]
[BlackElo "2369"]
[PlyCount "56"]
[EventDate "2005.04.10"]
[SourceDate "2004.09.21"]

1. g3 d5 2. Bg2 e5 3. d3 Nc6 4. e4 dxe4 5. Bxe4 Nf6 6. Bg2 Bc5 7. Be3 Bg4 8.
Qd2 Qe7 9. Nc3 Rd8 10. Bxc6+ bxc6 11. Bxc5 Qxc5 12. f3 Be6 13. h4 O-O 14. h5 h6
15. Nge2 Bd5 16. Nxd5 cxd5 17. d4 exd4 18. Nxd4 Rfe8+ 19. Kf1 Re5 20. g4 Rde8
21. Rh2 Qc4+ 22. Ne2 c5 23. b3 Qa6 24. c3 Re3 25. Rf2 Nh7 26. Re1 Ng5 27. Qxd5
Nh3 28. Rh2 Rxe2 0-1

[Event "4NCL/Div1/BRI1 vs. BET"]
[Site "West Bromwich ENG"]
[Date "2005.04.10"]
[Round "8.1"]
[White "Buckley, Simon T"]
[Black "Williams, Simon K"]
[Result "1/2-1/2"]
[WhiteElo "2332"]
[BlackElo "2466"]
[PlyCount "73"]
[EventDate "2005.04.10"]
[SourceDate "2004.09.21"]

1. d4 e6 2. e4 d5 3. Nd2 Nf6 4. e5 Nfd7 5. Bd3 c5 6. c3 Nc6 7. Ngf3 Be7 8. O-O
a5 9. Re1 cxd4 10. cxd4 g5 11. h3 h5 12. Nf1 g4 13. hxg4 hxg4 14. N3h2 Bb4 15.
Re3 Qh4 16. Qxg4 Qxg4 17. Nxg4 Nxd4 18. Nfh2 Bc5 19. Rh3 Rxh3 20. gxh3 Be7 21.
Be3 Nf5 22. Bf4 Nc5 23. Bxf5 exf5 24. Nf6+ Bxf6 25. exf6 Nd3 26. Bh6 f4 27. Rd1
Bf5 28. Nf3 O-O-O 29. Nd4 Bg6 30. Bg7 Nxb2 31. Re1 Nd3 32. Re7 Nb4 33. Bh6 Rd7
34. Re8+ Rd8 35. Re7 Rd6 36. Re8+ Rd8 37. Re7 1/2-1/2

[Event "4NCL/Div1/BRI1 vs. BET"]
[Site "West Bromwich ENG"]
[Date "2005.04.10"]
[Round "8.2"]
[White "Ledger, Andrew J"]
[Black "Beaumont, Chris"]
[Result "1-0"]
[WhiteElo "2450"]
[BlackElo "2329"]
[PlyCount "69"]
[EventDate "2005.04.10"]
[SourceDate "2004.09.21"]

1. e4 g6 2. d4 d6 3. Nc3 Bg7 4. f4 Nf6 5. Nf3 O-O 6. Bd3 Na6 7. O-O c5 8. d5
Bg4 9. Qe1 Bxf3 10. Rxf3 Nb4 11. a3 Nxd3 12. Rxd3 b5 13. Kh1 Rb8 14. e5 Nd7 15.
e6 Nf6 16. f5 gxf5 17. Rh3 fxe6 18. dxe6 d5 19. Qh4 Rb6 20. Bg5 Rxe6 21. Bxf6
Rexf6 22. Qxh7+ Kf7 23. Qh5+ Kg8 24. Qh7+ Kf7 25. Rg3 Rg8 26. Rf1 e6 27. Ne2
Qf8 28. Qh5+ Ke7 29. Nf4 Kd7 30. Qe2 a6 31. a4 c4 32. axb5 axb5 33. Ra1 Qc5 34.
Ra6 Qd4 35. Nxe6 1-0

[Event "4NCL/Div1/BRI1 vs. BET"]
[Site "West Bromwich ENG"]
[Date "2005.04.10"]
[Round "8.3"]
[White "Rudd, Jack"]
[Black "Ansell, Simon"]
[Result "0-1"]
[WhiteElo "2296"]
[BlackElo "2408"]
[PlyCount "112"]
[EventDate "2005.04.10"]
[SourceDate "2004.09.21"]

1. e4 c5 2. Nf3 Nc6 3. Nc3 Nd4 4. Bc4 d6 5. d3 Nf6 6. Nxd4 cxd4 7. Ne2 Qb6 8.
c3 dxc3 9. bxc3 e6 10. O-O Be7 11. Be3 Qc7 12. f3 O-O 13. Qe1 d5 14. Bb3 b6 15.
c4 dxe4 16. fxe4 Ng4 17. Bf4 e5 18. Bg3 Bc5+ 19. d4 Bd6 20. h3 Ne3 21. dxe5 Bc5
22. Rf2 Nxc4 23. e6 Qc6 24. e7 Re8 25. Qc3 Bxf2+ 26. Bxf2 Na5 27. Qxc6 Nxc6 28.
Bd5 Bd7 29. Nd4 Rac8 30. Bxc6 Bxc6 31. Nf5 Ra8 32. Bh4 f6 33. e5 Bd7 34. Rf1
Bxf5 35. Rxf5 Rxe7 36. exf6 Rf7 37. Rf3 h6 38. Rc3 g5 39. Bg3 Rxf6 40. Rc7 Rf7
41. Rc6 Kh7 42. Be5 Re8 43. Bd4 Rd7 44. Bc3 Re2 45. a4 Rd1+ 46. Kh2 Rc1 47.
Rc7+ Kg8 48. Rg7+ Kf8 49. Bd4 Rc4 50. Rd7 Ke8 51. Rd5 Rxa4 52. Bg7 Raa2 53. Kg3
Rxg2+ 54. Kf3 h5 55. Ke4 Rge2+ 56. Kf5 Ra5 0-1

[Event "4NCL/Div1/BRI1 vs. BET"]
[Site "West Bromwich ENG"]
[Date "2005.04.10"]
[Round "8.4"]
[White "Duncan, Christopher R"]
[Black "Buckley, David E"]
[Result "1/2-1/2"]
[WhiteElo "2332"]
[BlackElo "2223"]
[PlyCount "116"]
[EventDate "2005.04.10"]
[SourceDate "2004.09.21"]

1. e4 c5 2. Nc3 Nc6 3. Bb5 Nd4 4. Nf3 Nxb5 5. Nxb5 g6 6. d4 Bg7 7. Be3 Nf6 8.
O-O a6 9. Nc3 cxd4 10. Bxd4 O-O 11. Nd5 Nxd5 12. exd5 d6 13. Re1 Bh6 14. h3 e5
15. dxe6 fxe6 16. Bc3 Qb6 17. Re4 Bd7 18. Qd3 Bb5 19. Qd4 Qxd4 20. Nxd4 e5 21.
Nxb5 axb5 22. Bb4 Rfd8 23. a3 d5 24. Re2 Bg7 25. Rd1 Kf7 26. g3 Ke6 27. Bc3 Kd6
28. f4 Re8 29. Red2 d4 30. fxe5+ Bxe5 31. Bxd4 Kc6 32. Bf2 Re6 33. c3 Rf8 34.
Kg2 Bc7 35. Bd4 Rfe8 36. Rf1 R8e7 37. Rdf2 Kd5 38. Rf7 Re2+ 39. R1f2 Rxf2+ 40.
Rxf2 Kc4 41. h4 Kb3 42. Kh3 Bd6 43. Rf6 Bc7 44. Rf2 Bd6 45. Rd2 Bc7 46. Bf2 Rf7
47. Kg4 Bb8 48. Re2 Bc7 49. Kg5 Rf3 50. Kh6 Bxg3 51. Bxg3 Rxg3 52. Rh2 Rg4 53.
Kxh7 g5 54. h5 Rh4 55. Rd2 {(=)} Rxh5+ 56. Kg6 Rh1 57. Rd7 Kxb2 58. Rxb7 Kxc3
1/2-1/2

[Event "4NCL/Div1/BRI1 vs. BET"]
[Site "West Bromwich ENG"]
[Date "2005.04.10"]
[Round "8.5"]
[White "Helbig, Paul D"]
[Black "Ledger, David J"]
[Result "0-1"]
[WhiteElo "2184"]
[BlackElo "2266"]
[PlyCount "59"]
[EventDate "2005.04.10"]
[SourceDate "2004.09.21"]

1. e4 e5 2. f4 exf4 3. Nf3 d6 4. d4 g5 5. h4 g4 6. Ng1 Qf6 7. Nc3 Ne7 8. Nge2
f3 9. Nf4 Nbc6 10. Be3 f2+ 11. Kxf2 Bd7 12. Kg3 O-O-O 13. Ncd5 Nxd5 14. Nxd5
Qe6 15. Bd3 f5 16. Bg5 fxe4 17. Bc4 Qg6 18. Rf1 Re8 19. Rf6 Qg7 20. Rf7 Qxd4
21. Rxd7 Qxc4 22. Rxc7+ Kb8 23. Bf6 Rg8 24. b3 Qc5 25. c3 Bh6 26. Bd4 Qxd5 27.
Bxa7+ Nxa7 28. Qxd5 Kxc7 29. Rf1 e3 30. Rf6 {
Remaining moves missing from both scoresheets but 0-1 in about 37 ??} 0-1

[Event "4NCL/Div1/BRI1 vs. BET"]
[Site "West Bromwich ENG"]
[Date "2005.04.10"]
[Round "8.6"]
[White "Eames, Robert G"]
[Black "Sisask, Jesper"]
[Result "1-0"]
[WhiteElo "2321"]
[BlackElo "2166"]
[PlyCount "123"]
[EventDate "2005.04.10"]
[SourceDate "2004.09.21"]

1. e4 e5 2. Nf3 Nf6 3. Nxe5 d6 4. Nf3 Nxe4 5. d4 d5 6. Bd3 Nc6 7. O-O Bg4 8. c4
Nf6 9. Nc3 Bxf3 10. Qxf3 Nxd4 11. Qe3+ Ne6 12. cxd5 Nxd5 13. Nxd5 Qxd5 14. Be4
Qb5 15. a4 Qa6 16. Rd1 Bc5 17. Qf3 Rb8 18. Bd2 O-O 19. Bc3 Be7 20. Qg4 Rfd8 21.
Bd5 Bf8 22. h4 c5 23. Be5 Rbc8 24. h5 Nd4 25. Qe4 Rd7 26. Bxd4 cxd4 27. Rxd4
Qf6 28. Rad1 Rcd8 29. R4d3 Re7 30. Qc4 Kh8 31. b3 Rde8 32. g3 Qf5 33. g4 Re1+
34. Rxe1 Rxe1+ 35. Kg2 Qg5 36. Bxf7 Qh4 37. Rh3 Qe7 38. Bd5 Qe5 39. Rf3 Qe8 40.
Bxb7 h6 41. Bd5 a5 42. Qf4 Bb4 43. Qf7 Qd8 44. Qf5 Qe8 45. Bf7 Qc6 46. Qd5 Qxd5
47. Bxd5 Re8 48. Rf7 Rb8 49. f4 Rf8 50. Kf3 Rxf7 51. Bxf7 Bd2 {(=)} 52. Ke4 Kh7
53. Kf5 Bb4 54. Bg6+ Kg8 55. Ke6 Bd2 56. Ke7 Bb4+ 57. Ke8 Bd2 58. Bf7+ Kh7 59.
Bc4 Kh8 60. Kf7 Bb4 61. g5 hxg5 62. fxg5 1-0

[Event "4NCL/Div1/BRI1 vs. BET"]
[Site "West Bromwich ENG"]
[Date "2005.04.10"]
[Round "8.7"]
[White "Dilleigh, Stephen P"]
[Black "Ledger, Stephen C"]
[Result "1/2-1/2"]
[WhiteElo "2161"]
[BlackElo "2170"]
[PlyCount "40"]
[EventDate "2005.04.10"]
[SourceDate "2004.09.21"]

1. d4 Nf6 2. c4 c5 3. d5 b5 4. cxb5 a6 5. bxa6 Bxa6 6. Nc3 g6 7. e4 Bxf1 8.
Kxf1 d6 9. g3 Bg7 10. Kg2 O-O 11. Nf3 Nbd7 12. Re1 Qb6 13. h3 Ne8 14. Re2 Nc7
15. Bf4 f6 16. Rc1 Nb5 17. Nxb5 Qxb5 18. b3 Ra6 19. Rcc2 Rfa8 20. h4 R8a7
1/2-1/2

[Event "4NCL/Div1/BRI1 vs. BET"]
[Site "West Bromwich ENG"]
[Date "2005.04.10"]
[Round "8.8"]
[White "Tidman, Sophie"]
[Black "Ashby, Ann-Marie"]
[Result "1-0"]
[WhiteElo "2110"]
[BlackElo "2079"]
[PlyCount "53"]
[EventDate "2005.04.10"]
[SourceDate "2004.09.21"]

1. e4 d5 2. exd5 Nf6 3. d4 Bg4 4. f3 Bf5 5. Bb5+ c6 6. dxc6 Qa5+ 7. Nc3 Nxc6 8.
Bd2 O-O-O 9. Bxc6 bxc6 10. g4 Bg6 11. g5 Nd5 12. Qe2 Nb4 13. Ne4 Nxc2+ 14. Kf1
Qb6 15. Ba5 Qxa5 16. Qxc2 Qb5+ 17. Ne2 Rxd4 18. Kf2 Rc4 19. Qd3 Bxe4 20. fxe4
e5 21. Rhd1 Qc5+ 22. Kf1 Be7 23. b4 Rxb4 24. Rac1 Qb5 25. Qd7+ Kb8 26. Qxe7
Rxe4 27. Rb1 1-0

[Event "4NCL/Div1/WGR2 vs. NWE1"]
[Site "West Bromwich ENG"]
[Date "2005.04.10"]
[Round "8.1"]
[White "Martin, Andrew D"]
[Black "Hanley, Craig A"]
[Result "1/2-1/2"]
[WhiteElo "2433"]
[BlackElo "2397"]
[PlyCount "23"]
[EventDate "2005.04.10"]
[SourceDate "2004.09.21"]

1. d4 d5 2. c4 c6 3. cxd5 cxd5 4. Nc3 Nf6 5. Nf3 Nc6 6. Bf4 a6 7. e3 Bg4 8. Be2
e6 9. O-O Bd6 10. Bxd6 Qxd6 11. Qb3 O-O 12. Rfc1 1/2-1/2